000 00403nam a2200121Ia 4500
005 20260328104311.0
008 260328s9999||||xx |||||||||||||| ||und||
100 _aHall, John
245 0 _aTime Frame 1500-600 BC :
_bthe aggressive Empires Egypt´s Golden Age the Greek Crucible the Mediterranean Traders , Asian Evolutions /
_cJohn Hall
260 _bBy the editors
650 _aEGIPTO
942 _cREF
999 _c10981
_d10981